Welcome to CU Library Online Public Access Catalogue (OPAC)

Teaching elementary social studies : (Record no. 5077)

MARC details
000 -LEADER
fixed length control field 00748cam a2200217 a 4500
001 - CONTROL NUMBER
control field 13182501
005 - DATE AND TIME OF LATEST TRANSACTION
control field 20250322111348.0
008 - FIXED-LENGTH DATA ELEMENTS--GENERAL INFORMATION
fixed length control field 030501s2004 njua b 001 0 eng
020 ## - INTERNATIONAL STANDARD BOOK NUMBER
International Standard Book Number 0131128442 (pbk.)
020 ## - INTERNATIONAL STANDARD BOOK NUMBER
International Standard Book Number 9780131128446
050 00 - LIBRARY OF CONGRESS CALL NUMBER
Classification number LB1584
Item number .Z27 2004
082 00 - DEWEY DECIMAL CLASSIFICATION NUMBER
Classification number 372.83/044
Edition information 21
100 1# - MAIN ENTRY--PERSONAL NAME
Personal name Zarrillo, James.
245 10 - TITLE STATEMENT
Title Teaching elementary social studies :
Remainder of title principles and applications /
Statement of responsibility, etc. James J. Zarrillo.
250 ## - EDITION STATEMENT
Edition statement 2nd ed.
260 ## - PUBLICATION, DISTRIBUTION, ETC.
Place of publication, distribution, etc. Upper Saddle River, N.J. :
Name of publisher, distributor, etc. Pearson/Merrill Prentice Hall,
Date of publication, distribution, etc. c2004.
300 ## - PHYSICAL DESCRIPTION
Extent xix, 396 p. :
Other physical details ill. ;
Dimensions 24 cm.
650 #0 - SUBJECT ADDED ENTRY--TOPICAL TERM
Topical term or geographic name entry element Social sciences
General subdivision Study and teaching (Elementary)
Geographic subdivision United States.
650 #0 - SUBJECT ADDED ENTRY--TOPICAL TERM
Topical term or geographic name entry element Multicultural education
Geographic subdivision United States.
942 ## - ADDED ENTRY ELEMENTS (KOHA)
Source of classification or shelving scheme Library of Congress Classification
Koha item type Books
Edition 2nd Ed.
Suppress in OPAC No
999 ## -
-- 5077
-- 5077
Holdings
Withdrawn status Lost status Source of classification or shelving scheme Damaged status Not for loan Collection Home library Current library Shelving location Date acquired Total checkouts Full call number Barcode Date last seen Copy number Price effective from Koha item type
    Library of Congress Classification     Non-fiction Business Library (Miotso) Business Library (Miotso) General stacks 03/22/2025   LB1584 .Z27 2004 BSSM00001513 03/22/2025 1 03/22/2025 Books
© 2023-2024 Copyright: Central University Libraries. All Rights Reserved | Created by: Mahone Tech Office